| 000 | 00669nam a22002053a 4500 | ||
|---|---|---|---|
| 005 | 20210223125348.0 | ||
| 008 | 010919s2002 mx r 000 0 spa d | ||
| 020 | _a846630519X | ||
| 035 | _aUPN01000133205 | ||
| 049 | _aCG | ||
| 050 | 4 |
_aPQ6187 _bA5.7a |
|
| 245 | 0 | 0 |
_aAntología poética de la generación del 27 / _cselec., estudio y notas por Manuel Cifo González. |
| 260 |
_aMadrid : _bSuma de Letras, _c2002. |
||
| 300 |
_a398 p. _bil. |
||
| 440 | 0 |
_aPunto de lectura ; _v300.16 |
|
| 500 | _a"Edición anotada y comentada" | ||
| 650 | 4 |
_aPOESIA ESPAÑOLA - _ySIGLO XX - _xHISTORIA Y CRITICA _91244 |
|
| 700 | 1 |
_aCifo González, Manuel _ecomp. |
|
| 905 | _aLibro | ||
| 999 |
_c105357 _d105357 |
||